LEADER 01356nam a2200289 i 4500 001 000000171633 003 CaOOAMICUS 005 20081016000000.0 008 081016s2008 it u000 u ita u 013 $a149065 020 $a978-88-8212-631-5 040 $aSeMil$bita 100 1 $aFesta, Gianni,$c.$0(OLS)http://semarc/name/63371 245 10$aMario Luzi oggi :$bletture critiche a confronto /$ca cura di Uberto Motta ; [con testi di Gianni Festa ... et al.]. 260 $aNovara :$bInterlinea,$cc2008. 300 $a210 p. ;$c21 cm. 490 0 $aBiblioteca letteraria dell'Italia unita ;$v16 500 $aAtti del seminario, Università cattolica del Sacro cuore di Milano, 7-8 marzo 2007. 600 14$aLuzi, Mario <1914-2005>.$0(OLS)http://semarc/subject/15300 700 1 $aMotta, Umberto$b<1982-2004>.$0(OLS)http://semarc/name/51476 830 0$aBiblioteca letteraria dell'Italia unita ;$v16.$0(OLS)http://semarc/title/23185 850 $aSeMil 852 $aSeMil$W1$xVenegono$y1$m1O I 392$j243797$B122502$CSeMilBibl$Z2$F139578 $81 961 $aAcquisto: Interlinea 996 $6020$a978-88-8212-631-5$9(OLS)http://semarc/number/158787 996 $6245$aMario Luzi oggi :$bletture critiche a confronto$9(OLS)http://semarc/title/245583 996 $6260$aNovara :$bInterlinea$9(OLS)http://semarc/publisher/31908 LEADER 01051nam a2200253 i 4500 001 000000247385 003 CaOOAMICUS 005 20160111000000.0 008 160111s1974 it u000 u ita u 013 $a226290 040 $aSeMil$bita 100 1 $aMeigniez, Robert .$0(OLS)http://semarc/name/82879 245 12$aL'analisi di gruppo :$baspetti esistenziali /$cRobert Meigniez. 260 $aCinisello Balsamo :$bSan Paolo,$c1974. 300 $a215 p. ;$c22 cm. 490 0 $aPsicologia ;$v2. 650 4$aPsicologia sociale.$0(OLS)http://semarc/subject/627 650 4$aGruppo - Psicologia.$0(OLS)http://semarc/subject/16066 830 0$aPsicologia [San Paolo] ;$v2.$0(OLS)http://semarc/title/6207 850 $aSeMil 852 $aSeMil$W1$xVenegono$y1$m2O III 456$j197731$B197731$CSeMilBibl$Z2$F209172 $81 961 $aLascito: Milani don Felice 996 $6245$aL'analisi di gruppo :$baspetti esistenziali$9(OLS)http://semarc/title/349343 996 $6260$aCinisello Balsamo :$bSan Paolo$9(OLS)http://semarc/publisher/30129